000 01347nam a2200349 c 4500
003 BLK
005 20250118142500.0
008 180410b bul|||||r ||||||| ||bul||
010 _aKNG00154019000
020 _a978-954-27-0961-9
_bиздат.: Егмонт България
040 _aBLK
041 _aBUL
_cBUL
072 7 _2bullib
_aН83
_xЧужда художествена литература Н
080 _aАмериканска литература (на САЩ)
_b821.111(73)
_x-31
_z821.111(73)-31
100 1 _aГрийн, Джон
_eпърви автор
_9329767
700 1 _aМаринов, Александър
_eпрев.
_9370653
139 _aГрийн, Джон
_bГ 82
245 1 0 _aКъде си, Аляска?
_bРоман
_cДжон Грийн; прев. Александър Маринов.
257 _aUSA
260 София
_bЕгмонт България
_c2013
300 _a240 с.
_c21 см
380 _aX
500 _aОриг. загл. Looking for Alaska / John Green. - Доп. тир. 2014.
653 _aромани
659 _aН
852 _aЦб 266850
856 4 _qpdf
_u
856 4 _qpdf
_u
942 _cKNG
_n0
_050
944 _aCR
_c29.11.2013
_lЦветомила Тодорова
_k30576
944 _aED
_c27.03.2017
_lф /
_kЛюдмила_Стоянова
999 _c147801
_d147801